000 00969cam a22002411i 4500
003 SA-RiAUC
005 20260415133246.0
008 260413s1974 ti g b 00000 ara c
040 _aSA-JeALM
_bara
_cSA-RiAUC
_erda
082 0 4 _a251
_qSA-RiAUC
090 _a251
_bن ي ف
100 1 _aالنيفر، محمد الطاهر،
_d1910-1982
_eمؤلف.
245 1 0 _aأصول الفقه :
_bالنهضة العلمية وأثرها في أصول الفقه /
_cمحمد الطاهر النيفر.
264 1 _aتونس :
_bدار بوسلامة للطباعة والنشر،
_c1974
300 _a159 صفحة ؛
_c24 سم
336 _aنص
_btxt
_2rdacontent
_3كتاب
337 _aبدون وسيط
_bn
_2rdamedia
504 _aيشتمل على إرجاعات ببليوجرافية.
650 7 _aأصول الفقه الإسلامي
_2aucsh
650 7 _aالوعظ والإرشاد
_2aucsh
942 _2ddc
_cBOOK
_n0
949 _aSA-JeALM
_d260413
_uosman123
_n1
999 _c14793
_d14793